History Quiz

Random History or Biography Quiz

Famous Women of Antiquity Quiz Stats

 Plays Quiz Updated Aug 7, 2017

Support Sporcle.
Go Orange.
Score 0/25 Timer 07:00
2 Plays Today
% Correct
Mary
83.2%
Cleopatra VII
82.5%
Nefertiti
65.9%
Boudica
64.3%
Sappho
60.1%
Octavia
39.7%
Agrippina the Younger
38.3%
Hypatia
31.1%
Roxana
29%
Livia
29%
Helena
27.6%
Messalina
24.8%
Zenobia
24.8%
% Correct
Olympias
23.9%
Artemisia
22.5%
Gorgo
20.2%
Poppaea Sabina
19.6%
Tanaquil
19.4%
Julia Domna
18.9%
Aspasia
16.2%
Velleda
14.9%
Cornelia Africana
14.3%
Plotina
10.9%
Cynisca
10.6%
Egeria
8.7%

You're not logged in!

Compare scores with friends on all Sporcle quizzes.
OR
Log In
Forgot?

From the Vault

15th Century Match-Up

by khands

The 1400s, when beards were full and artists were still as poor as they are today.
Remove Ads.
Support Sporcle.
Get the best of Sporcle when you Go Orange. This ad-free experience offers more features, more stats, and more fun while also helping to support Sporcle. Thank you for becoming a member.

Show Comments

Extras

Top Quizzes Today


Score Distribution

Your Account Isn't Verified!

In order to create a playlist on Sporcle, you need to verify the email address you used during registration. Go to your Sporcle Settings to finish the process.

Report this User

Report this user for behavior that violates our Community Guidelines.

Details: